Attitudes to efficiency

保存先:
書誌詳細
フォーマット: 図書
言語:Undetermined
出版事項: London Her Majesty's Stationery Office 1966
主題:
タグ: タグ追加
タグなし, このレコードへの初めてのタグを付けませんか!
Thư viện lưu trữ: Trung tâm Học liệu Trường Đại học Cần Thơ
LEADER 00429nam a2200157Ia 4500
001 CTU_83476
008 210402s9999 xx 000 0 und d
082 |a 301.5 
082 |b A885 
245 0 |a Attitudes to efficiency 
260 |a London 
260 |b Her Majesty's Stationery Office 
260 |c 1966 
650 |a Psychology, Industrial 
904 |i QHieu(sửa) 
980 |a Trung tâm Học liệu Trường Đại học Cần Thơ